Statistics for Guess the 1970s song lyrics #284

Click here to take the quiz!

General Stats

  • This quiz has been taken 5 times
  • The average score is 131 of 168

Answer Stats

Answer% Correct
a
100%
are
100%
I
100%
me
100%
the
100%
The
100%
They
100%
they
100%
to
100%
when
100%
When
100%
you
100%
your
100%
and
80%
And
80%
at
80%
blues
80%
bright
80%
Broadway
80%
But
80%
can
80%
Cause
80%
cause
80%
eat
80%
for
80%
gives
80%
gon
80%
got
80%
guitar
80%
had
80%
here
80%
I'm
80%
is
80%
just
80%
know
80%
lights
80%
long
80%
looking
80%
neon
80%
no
80%
No
80%
Not
80%
now
80%
on
80%
On
80%
one
80%
play
80%
quit
80%
say
80%
star
80%
that
80%
they're
80%
thin
80%
this
80%
til
80%
too
80%
won't
80%
wrong
80%
you're
80%
ain't
60%
air
60%
all
60%
always
60%
bus
60%
catch
60%
dead
60%
dime
60%
down
60%
enough
60%
even
60%
gonna
60%
Greyhound
60%
home
60%
I'll
60%
in
60%
last
60%
magic
60%
nowhere
60%
off
60%
Ooh
60%
right
60%
shine
60%
shoes
60%
some
60%
street
60%
them
60%
there's
60%
time
60%
treat
60%
walking
60%
women
60%
glitter
40%
how
40%
make
40%
rubs
40%
yeah
40%

Score Distribution

Percentile by Number Answered

Percent of People with Each Score

Your Score History

You have not taken this quiz